Přeskočit na obsah

Физика минералов Учебник

Данный учебник охватывает тематику основных лекций по курсу «Физика минералов». В курсе на основе теории твердого тела рассмотрены некоторые физические свойства реальных кристаллов. В первой части книги описаны свойства минералов связанные с колебаниями атомов образованием точечных линейных двумерны...

Celý popis

Uloženo v:
Podrobná bibliografie
Hlavní autor: Кощуг Д.Г
Médium: Учебник
Vydání:1
Edice:Высшее образование: Бакалавриат
On-line přístup:https://znanium.com/catalog/document?id=382101
https://znanium.com/cover/1831/1831184.jpg
Tagy: Přidat tag
Žádné tagy, Buďte první, kdo otaguje tento záznam!
LEADER 03457nam0a2200337 i 4500
001 RU\infra-m\znanium\bibl\1831184
003 https://znanium.com/catalog/document?id=382101
005 20230626000000.0
010 |a 978-5-16-012173-4 
010 |a 978-5-16-105005-7  |b электр. издание 
100 |a 20230626d2021 m y0rusy0150 ca 
101 0 |a rus 
102 |a RU 
200 1 |a Физика минералов  |e Учебник  |f Московский государственный университет им. М.В. Ломоносова, Геологический факультет 
205 |a 1 
210 1 |a Москва  |c ООО "Научно-издательский центр ИНФРА-М"  |d 2022 
215 |a 348 с. 
225 1 |a Высшее образование: Бакалавриат 
330 |a Данный учебник охватывает тематику основных лекций по курсу «Физика минералов». В курсе на основе теории твердого тела рассмотрены некоторые физические свойства реальных кристаллов. В первой части книги описаны свойства минералов связанные с колебаниями атомов образованием точечных линейных двумерных и объемных дефектов. Во второй части книги рассмотрены квантово-механические теории электронного строения твердого тела и их применение для объяснения окраски и люминесценции минералов магнитных свойств. Соответствует требованиям Федерального государственного образовательного стандарта высшего образования последнего поколения. Учебник предназначен для студентов третьего курса обучающихся по группе специальностей 020303 «Геохимия» (специализации «Минералогия» «Геммология» «Кристаллография»). 
333 |a ВО - Бакалавриат 
606 |a Науки о Земле. Экология  |x Минералогия. Петрография  |2 local 
608 |a Учебник  |2 local 
675 |a 549:539.2(075.8)  |z rus 
686 |a 26.303я73  |2 rubbk 
686 |a 05.03.01  |2 okso 
686 |a 05.04.01  |2 okso 
700 1 |a Кощуг  |b Д.Г.  |g Дмитрий Гурьевич  |p Московский государственный университет им. М.В. Ломоносова, Геологический факультет 
701 1 |a Кротова  |b О.Д.  |g Ольга Дмитриевна  |p Московский государственный университет им. М.В. Ломоносова, Геологический факультет 
801 0 |a RU  |b Общество с ограниченной ответственностью «ЗНАНИУМ»  |c 20210801  |2 rusmarc 
856 4 |a znanium.com  |m ebs_support@infra-m.ru  |n НИЦ ИНФРА-М  |u https://znanium.com/catalog/document?id=382101 
856 4 1 |a znanium.com  |d /cover/1831  |f 1831184.jpg  |q image/jpeg  |u https://znanium.com/cover/1831/1831184.jpg